书目信息 |
| 题名: |
故乡回归之路
|
|
| 作者: | 刘鸿武 著 | |
| 分册: | ||
| 出版信息: | 北京 清华大学出版社 2004 |
|
| 页数: | X,364页 | |
| 开本: | 23cm | |
| 丛书名: | 大学生文化素质教育书系 | |
| 单 册: | ||
| 中图分类: | C43 | |
| 科图分类: | ||
| 主题词: | 人文科学--ren wen ke xue--高等学校--教材 , 人文科学--ren wen ke xue | |
| 电子资源: | ||
| ISBN: | 7-302-08603-6 | |
| 000 | 01410cam2 2200313 450 | |
| 001 | 012005060480 | |
| 005 | 20120626102438.03 | |
| 010 | @a7-302-08603-6@dCNY28.00 | |
| 100 | @a20050716d2004 ekmy0chiy0121 ea | |
| 101 | 0 | @achi |
| 102 | @aCN@b110000 | |
| 105 | @af z 000yy | |
| 200 | 1 | @a故乡回归之路@Agu xiang hui gui zhi lu@e大学人文科学教程@d= Back to the home of the soul : a university course book of the humanities@f刘鸿武著@zeng |
| 210 | @a北京@c清华大学出版社@d2004 | |
| 215 | @aX,364页@c彩图@d23cm | |
| 225 | 2 | @a大学生文化素质教育书系@Ada xue sheng wen hua su zhi jiao yu shu xi |
| 314 | @a刘鸿武,男,出生于云南省西双版纳,现为云南大学人文学院和国际关系学院教授、博士生导师。著有《故乡回归之路——大学人文科学教程》。 | |
| 320 | @a有书目(第354-356页) | |
| 330 | @a本书是一部高等学校有关人文科学的教材。全书以开阔的视角,将文学、史学、哲学等学科统一起来,作为一个有共同灵魂与整体精神的人文科学群体,并与自然科学、社会科学作比较。 | |
| 461 | 0 | @12001 @a大学生文化素质教育书系 |
| 510 | 1 | @aBack to the home of the soul@eA university course book of the humanities@zeng |
| 517 | 1 | @a大学人文科学教程@Ada xue ren wen ke xue jiao cheng |
| 606 | 0 | @a人文科学@Aren wen ke xue@x高等学校@j教材 |
| 606 | 0 | @a人文科学@Aren wen ke xue |
| 690 | @aC43@v4 | |
| 701 | 0 | @a刘鸿武@Aliu hong wu@4著 |
| 801 | 0 | @aCN@bSRXX@c20050312 |
| 801 | 2 | @aCN@bSRXX@c20051110 |
| 905 | @a10447@dC43@eL620 | |
| 故乡回归之路:大学人文科学教程= Back to the home of the soul : a university course book of the humanities/刘鸿武著.-北京:清华大学出版社,2004 |
| X,364页:彩图;23cm.-(大学生文化素质教育书系) |
| ISBN 7-302-08603-6:CNY28.00 |
| 本书是一部高等学校有关人文科学的教材。全书以开阔的视角,将文学、史学、哲学等学科统一起来,作为一个有共同灵魂与整体精神的人文科学群体,并与自然科学、社会科学作比较。 |
| ● |
| 相关链接 |
|
|
|
正题名:故乡回归之路
索取号:C43/L620
 
预约/预借
| 序号 | 登录号 | 条形码 | 馆藏地/架位号 | 状态 | 备注 |
| 1 | 486481 | 204864815 | 社科库509/509社科库 53排8列1层/ [索取号:C43/L620] | 在馆 | |
| 2 | 544636 | 205446365 | 社科库509/509社科库 53排8列1层/ [索取号:C43/L620] | 在馆 | |
| 3 | 544637 | 205446374 | 社科库509/509社科库 53排8列1层/ [索取号:C43/L620] | 在馆 | |
| 4 | 544638 | 205446383 | 社科库509/509社科库 53排8列1层/ [索取号:C43/L620] | 在馆 |